<?xml version="1.0" encoding="UTF-8"?>
<marc:record xmlns:marc="http://www.loc.gov/MARC21/slim">
   <marc:leader>00000nam a2200000 a 4500</marc:leader>
   <marc:datafield ind1="1" ind2=" " tag="100">
      <marc:subfield code="a">Rosa, Hartmut</marc:subfield>
      <marc:subfield code="4">aut</marc:subfield>
      <marc:subfield code="e">Verfasser/-in</marc:subfield>
   </marc:datafield>
   <marc:datafield ind1="1" ind2=" " tag="100">
      <marc:subfield code="a">Endres, Wolfgang</marc:subfield>
      <marc:subfield code="4">aut</marc:subfield>
      <marc:subfield code="e">Verfasser/-in</marc:subfield>
   </marc:datafield>
   <marc:datafield ind1=" " ind2=" " tag="653">
      <marc:subfield code="a">Zwischenmenschliche Beziehung</marc:subfield>
   </marc:datafield>
   <marc:datafield ind1=" " ind2=" " tag="653">
      <marc:subfield code="a">Unterricht</marc:subfield>
   </marc:datafield>
   <marc:datafield ind1=" " ind2=" " tag="653">
      <marc:subfield code="a">Kommunikative Didaktik</marc:subfield>
   </marc:datafield>
   <marc:datafield ind1=" " ind2=" " tag="653">
      <marc:subfield code="a">Bildung</marc:subfield>
   </marc:datafield>
   <marc:datafield ind1=" " ind2=" " tag="653">
      <marc:subfield code="a">Resonanz</marc:subfield>
   </marc:datafield>
   <marc:datafield ind1=" " ind2=" " tag="653">
      <marc:subfield code="a">Schule</marc:subfield>
   </marc:datafield>
   <marc:datafield ind1=" " ind2=" " tag="653">
      <marc:subfield code="a">Schulentwicklung</marc:subfield>
   </marc:datafield>
   <marc:datafield ind1=" " ind2=" " tag="653">
      <marc:subfield code="a">Unterrichtsentwicklung</marc:subfield>
   </marc:datafield>
   <marc:datafield ind1=" " ind2=" " tag="653">
      <marc:subfield code="a">Softcover / Pädagogik/Bildungswesen</marc:subfield>
   </marc:datafield>
   <marc:datafield ind1=" " ind2=" " tag="653">
      <marc:subfield code="a">Interview</marc:subfield>
   </marc:datafield>
   <marc:datafield ind1="0" ind2="0" tag="245">
      <marc:subfield code="a">Resonanzpädagogik</marc:subfield>
   </marc:datafield>
   <marc:datafield ind1="0" ind2="0" tag="245">
      <marc:subfield code="b">wenn es im Klassenzimmer knistert</marc:subfield>
   </marc:datafield>
   <marc:datafield ind1="0" ind2="0" tag="245">
      <marc:subfield code="c">Hartmut Rosa, Wolfgang Endres</marc:subfield>
   </marc:datafield>
   <marc:datafield ind1=" " ind2="1" tag="264">
      <marc:subfield code="a">Weinheim</marc:subfield>
      <marc:subfield code="b">Beltz</marc:subfield>
      <marc:subfield code="c">2016</marc:subfield>
   </marc:datafield>
   <marc:datafield ind1="1" ind2=" " tag="520">
      <marc:subfield code="a">Angaben aus der Verlagsmeldung

Resonanzpädagogik : Wenn es im Klassenzimmer knistert / von Hartmut Rosa, Wolfgang Endres

Hartmut Rosa weckt mit seiner Forschung zu gelingendem Leben große Aufmerksamkeit. Übertragen auf Bildungsprozesse und Schulsystem, führt seine Theorie der Resonanz zur Neubetrachtung von Schule und Unterricht – zur Resonanzpädagogik. Doch wie zeigt sich Resonanz in der Schule? Dieser und weiteren Fragen ist Wolfgang Endres im Gespräch mit Hartmut Rosa nachgegangen. Daraus ist ein Buch entstanden, das die Resonanzpädagogik erstmals anschaulich darstellt und Lehrer/innen dazu anregt, Bildungsprozesse neu zu gestalten.

Ob im Gespräch mit Bundespräsident Joachim Gauck oder in den Feuilletons: Hartmut Rosa stößt mit seiner Resonanztheorie auf großes Interesse. Gelingendes Leben, so Rosa, ist durch intakte Beziehungen zur Welt geprägt. Dabei beeinflusst Schule wesentlich unsere Weltbeziehungen. Wenn Schule zum Resonanzraum wird, 'knistert'“ es im Klassenzimmer und Bildungsprozesse gelingen!

Aus dem Inhalt:

Schule als Resonanzraum
Motivation durch Resonanzbeziehungen
Feedback-Akzeptanz durch Resonanz
Kompetenz und Resonanz in Dissonanz
Beziehungsbildung im Smartphone-Zeitalter
</marc:subfield>
   </marc:datafield>
   <marc:datafield ind1=" " ind2=" " tag="020">
      <marc:subfield code="a">9783407257512</marc:subfield>
      <marc:subfield code="9">9783407257512</marc:subfield>
   </marc:datafield>
   <marc:datafield ind1=" " ind2=" " tag="020">
      <marc:subfield code="a">3407257511</marc:subfield>
      <marc:subfield code="9">3407257511</marc:subfield>
   </marc:datafield>
   <marc:datafield ind1=" " ind2=" " tag="041">
      <marc:subfield code="a">ger</marc:subfield>
   </marc:datafield>
   <marc:datafield ind1=" " ind2=" " tag="300">
      <marc:subfield code="a">128 Seiten</marc:subfield>
   </marc:datafield>
</marc:record>
